British Wildlife - Statistics

General Stats
  • This quiz has been taken 257 times
  • The average score is 8 of 15
Answer Stats
Hint Answer % Correct
Red member of the dog family fox
88%
black and white mammal badger
86%
Red breasted song bird Robin
85%
Small blue and yellow bird blue tit
75%
small brown mustelid, hunts rabbits stoat
66%
Wild pig Wild Boar
62%
hunts for voles over farmland Barn Owl
57%
Bird of prey, visits gardens sparrowhawk
54%
Small Native Deer roe deer
48%
Found in Pine forests in Northern England, and Scotland Pine Marten
43%
Long eared, hunts at night, can fly Long eared bat
33%
Large rabbit type animal, present in upland areas mountain hare
32%
Reintroduced to Scottish Isles, large bird of prey white tailed Eagle
29%
Very rare Scottish Animal Scottish Wildcat
25%
Performs courtship dance on river in spring Great crested grebe
23%
No matching quizzes found
Score Distribution
Percent of People with Each Score
Percentile by Number Answered
Your Score History
You have not taken this quiz